UBT Library

Neonatology for the Clinical (Record no. 56515)

000 -LEADER
fixed length control field 00321nam a22001457a 4500
008 - FIXED-LENGTH DATA ELEMENTS--GENERAL INFORMATION
fixed length control field 210312b ||||| |||| 00| 0 eng d
020 ## - INTERNATIONAL STANDARD BOOK NUMBER
International Standard Book Number 0838580270
041 ## - LANGUAGE CODE
Language code of text/sound track or separate title eng
080 ## - UNIVERSAL DECIMAL CLASSIFICATION NUMBER
Universal Decimal Classification number 618
082 ## - DEWEY DECIMAL CLASSIFICATION NUMBER
Classification number 618
100 ## - Rafti
Rafti 10
101 ## - Shkurtesa
Shkurtesa GJIN
245 ## - TITLE STATEMENT
Title Neonatology for the Clinical
Statement of responsibility, etc Pomerance, J. J
942 ## - ADDED ENTRY ELEMENTS (KOHA)
Source of classification or shelving scheme
Item type Books
Holdings
Withdrawn status Lost status Source of classification or shelving scheme Damaged status Not for loan Collection code Permanent location Current location Shelving location Date acquired Total Checkouts Full call number Barcode Date last seen Price effective from Koha item type
          Koleksioni i përgjithshem UBT - Lipjan UBT - Lipjan Koleksioni i përgjithshem 03/12/2021   618 POM 002-7002028 03/12/2021 03/12/2021 Books
UBT Library © 2015-2024. All rights reserved University Education for Business and Technology